000 00672nam a22001937a 4500
005 20140923145033.0
010 _aENG-110886
020 _a9789351431916
_c350.00
035 _aEN-94418
037 _bDBAD/PUB
082 _a004
100 _aTrivedi, Om S.
245 _aUnderstanding information technology :
_cby Om S Trivedi ;edited by Eesha Narang
_ba self study module for CA-intermediate (IPC) course /
260 _aGurgaon
_bLexis Nexis
_c2014
270 _a14th Floor, Building No.10, Tower-B, DLF Cyber City, Phase-II
_bGurgaon
_e122002
300 _axiii,291p. :
_c28cm(pbk)
_bill.
700 _aNarang, Eesha
942 _2ddc
_cEN
_mTRI
_h004
999 _c88726
_d88726